Πληθωρισμός κεφάλαιο και πολυεθνικές εταιρείες

Αποθηκεύτηκε σε:
Λεπτομέρειες βιβλιογραφικής εγγραφής
Κύριος συγγραφέας: Levinson, Charles, 1920-1997
Άλλοι συγγραφείς: Σοφούλης, Κώστας Μαν., 1937-2020
Μορφή: Βιβλίο
Γλώσσα:Greek
English
Δημοσίευση: Αθήνα : Παπαζήσης, 1973.
Σειρά:Σύγχρονα προβλήματα (Παπαζήσης)
Θέματα:
Ετικέτες: Προσθήκη ετικέτας
Δεν υπάρχουν, Καταχωρήστε ετικέτα πρώτοι!

MARC

LEADER 00000cam a2200000 i 4500
001 1/53274
008 960425s1973 gr | ||| |||| ||gre||
035 |l 10027493 
040 |a GR-MY-UA  |b gre  |e aacr 
041 1 |a gre  |h eng 
082 7 |a 332.41   |2 (22) 
100 1 |a Levinson, Charles,   |d 1920-1997. 
245 1 0 |a Πληθωρισμός κεφάλαιο και πολυεθνικές εταιρείες /   |c Charles Levinson ; μετάφραση: Σοφούλης Κώστας.  
260 |a Αθήνα :   |b Παπαζήσης,   |c 1973.  
300 |a 272 σ. ;   |c 24 εκ.  
490 1 |a (Σύγχρονα προβλήματα / Παπαζήσης) 
500 |a Τίτλος πρωτοτύπου: Capital inflation and the multinationals. 
650 0 0 |a Inflation (Finance) 
650 0 0 |a Capital. 
650 0 0 |a International business enterprises. 
700 1 |a Σοφούλης, Κώστας Μαν.,   |d 1937-2020. 
830 0 |a Σύγχρονα προβλήματα (Παπαζήσης) 
852 |a INST  |b CHIOS  |e 19960425  |h 332.41 LEV  |p 005200005576  |q 005200005576  |t BK  |y 0 
909 |a Χ  |b 000431 
970 |z 25-04-1996